[Event "Roncana op-C 6th"]
[Site "Santa Eulalia de Roncana"]
[Date "2012.11.10"]
[Round "5.15"]
[White "Monserda Perez, Marc"]
[Black "Romero Cabezas, Ivan"]
[Result "1-0"]
[WhiteElo "1700"]
[BlackElo "1715"]
[PlyCount "45"]
[EventDate "2012.10.06"]
[EventType "swiss"]
[EventRounds "8"]
[EventCountry "ESP"]
[SourceTitle "EXT 2024"]
[Source "ChessBase"]
[SourceDate "2023.10.10"]
[SourceVersion "1"]
[SourceVersionDate "2023.10.10"]
[SourceQuality "1"]

1. e4 e5 2. Nf3 Nc6 3. Nc3 Nf6 4. Bb5 Bb4 5. 0-0 0-0 6. d3 d6 7. Bg5 Bg4 8. h3 Bh5 9. g4 Bg6 10. a3 Bxc3 11. bxc3 a6 12. Bxc6 bxc6 13. d4 exd4 14. cxd4 Nxe4 15. Bxd8 Raxd8 16. h4 h5 17. gxh5 Bxh5 18. Rb1 Nc3 19. Qd3 Nxb1 20. Rxb1 c5 21. d5 a5 22. Ng5 f6 23. Qh7# 1-0

[Event "Roncana op-C 6th"]
[Site "Santa Eulalia de Roncana"]
[Date "2012.10.20"]
[Round "2.15"]
[White "Monserda Perez, Marc"]
[Black "Serrat Noguera, Joel"]
[Result "1-0"]
[WhiteElo "1700"]
[BlackElo "1704"]
[PlyCount "89"]
[EventDate "2012.10.06"]
[EventType "swiss"]
[EventRounds "8"]
[EventCountry "ESP"]
[SourceTitle "EXT 2024"]
[Source "ChessBase"]
[SourceDate "2023.10.10"]
[SourceVersion "1"]
[SourceVersionDate "2023.10.10"]
[SourceQuality "1"]

1. e4 e5 2. Nf3 Nc6 3. Nc3 Bb4 4. Bc4 Nh6 5. 0-0 0-0 6. d3 Ng4 7. Bg5 Be7 8. Bxe7 Qxe7 9. Nd5 Qe6 10. Nxc7 Qh6 11. Re1 Nd4 12. Nxd4 Qh4 13. Qd2 Qxh2+ 14. Kf1 Qh5 15. Nxa8 Nh2+ 16. Kg1 Qh4 17. Qe2 exd4 18. g3 Qh3 19. c3 d6 20. cxd4 Bg4 21. f3 Nxf3+ 22. Kf2 Qh2+ 23. Ke3 Qxg3 24. Qf2 Qh3 25. Rh1 Nh2+ 26. Kd2 Bf3 27. Rxh2 Qg4 28. Ke3 Qg5+ 29. Kxf3 Rxa8 30. Rg1 Qf6+ 31. Ke3 Qxf2+ 32. Rxf2 Rf8 33. Rgf1 Rd8 34. Rxf7 d5 35. Bxd5 g6 36. Rf8+ Kg7 37. Rxd8 Kh6 38. Rh1+ Kg7 39. e5 h5 40. Rg8+ Kh7 41. Rg1 g5 42. R1xg5 Kh6 43. Kf3 h4 44. Kg4 h3 45. Rh5# 1-0

[Event "Roncana op-C 6th"]
[Site "Santa Eulalia de Roncana"]
[Date "2012.10.06"]
[Round "1.11"]
[White "Ceruelo Santiveri, Oscar"]
[Black "Monserda Perez, Marc"]
[Result "1-0"]
[WhiteElo "1745"]
[BlackElo "1700"]
[PlyCount "47"]
[EventDate "2012.10.06"]
[EventType "swiss"]
[EventRounds "8"]
[EventCountry "ESP"]
[SourceTitle "EXT 2024"]
[Source "ChessBase"]
[SourceDate "2023.10.10"]
[SourceVersion "1"]
[SourceVersionDate "2023.10.10"]
[SourceQuality "1"]

1. e4 e5 2. Nf3 Nc6 3. Bb5 Nf6 4. Nc3 Bb4 5. Qe2 0-0 6. Bxc6 dxc6 7. d3 Bg4 8. Bg5 Bxc3+ 9. bxc3 Qd6 10. Rd1 Rad8 11. d4 Qa3 12. dxe5 Rxd1+ 13. Qxd1 Nxe4 14. h3 Nxc3 15. Qd2 Nb1 16. Qf4 h5 17. hxg4 Rd8 18. 0-0 hxg4 19. Qxg4 Qxa2 20. Bxd8 Qxc2 21. Re1 a5 22. Ng5 a4 23. Bxc7 a3 24. Qc8# 1-0